Chapman piloting : (Record no. 888)

MARC details
000 -LEADER
fixed length control field 01059cam a2200313Ia 4500
003 - CONTROL NUMBER IDENTIFIER
control field data
005 - DATE AND TIME OF LATEST TRANSACTION
control field 20260322212038.0
008 - FIXED-LENGTH DATA ELEMENTS--GENERAL INFORMATION
fixed length control field data
020 ## - INTERNATIONAL STANDARD BOOK NUMBER
International Standard Book Number 0688168906
020 ## - INTERNATIONAL STANDARD BOOK NUMBER
International Standard Book Number 9780688168902
040 ## - CATALOGING SOURCE
Original cataloging agency ORX
Transcribing agency ORX
Modifying agency OSU
-- OCL
-- OSU
049 ## - LOCAL HOLDINGS (OCLC)
Holding library OSUU
092 ## - LOCALLY ASSIGNED DEWEY CALL NUMBER (OCLC)
Classification number 623 Cha 1999
001 - CONTROL NUMBER
control field data
245 10 - TITLE STATEMENT
Title Chapman piloting :
Remainder of title seamanship & boat handling /
Statement of responsibility, etc. Charles F. Chapman & Elbert S. Maloney.
246 30 - VARYING FORM OF TITLE
Title proper/short title Piloting, seamanship & boat handling.
246 30 - VARYING FORM OF TITLE
Title proper/short title Piloting, seamanship and boat handling.
250 ## - EDITION STATEMENT
Edition statement 63rd ed.
260 ## - PUBLICATION, DISTRIBUTION, ETC.
Place of publication, distribution, etc. New York :
Name of publisher, distributor, etc. Hearst Marine Books,
Date of publication, distribution, etc. c1999.
300 ## - PHYSICAL DESCRIPTION
Extent 656 p. :
Other physical details ill. (some col.), maps ;
Dimensions 29 cm.
500 ## - GENERAL NOTE
General note "Completely updated, revised color edition with new photographs, charts, and illustrations"--Cover.
500 ## - GENERAL NOTE
General note Includes index.
650 #0 - SUBJECT ADDED ENTRY--TOPICAL TERM
Topical term or geographic name entry element Boats and boating.
650 #0 - SUBJECT ADDED ENTRY--TOPICAL TERM
Topical term or geographic name entry element Navigation.
650 #0 - SUBJECT ADDED ENTRY--TOPICAL TERM
Topical term or geographic name entry element Seamanship.
650 #0 - SUBJECT ADDED ENTRY--TOPICAL TERM
Topical term or geographic name entry element Motorboats.
700 1# - ADDED ENTRY--PERSONAL NAME
Personal name Chapman, Charles F.
Dates associated with a name 1881-1976.
Fuller form of name (Charles Frederic),
Title of a work Chapman piloting, seamanship & small boat handling.
700 1# - ADDED ENTRY--PERSONAL NAME
Personal name Maloney, Elbert S.
Holdings
Withdrawn status Lost status Damaged status Not for loan Home library Current library Shelving location Date acquired Total checkouts Full call number Barcode Date last seen Price effective from Koha item type
        Franklin Franklin General stacks 22/03/2026   GEN BC0010915 22/03/2026 22/03/2026 Books